6 or 7? - Statistics

General Stats
  • This quiz has been taken 511 times
    494 since last reset
  • The average score is 13 of 17
Answer Stats
Hint Answer % Correct
Days of the Week 7
89%
Half a dozen 6
88%
Sides on a dice 6
88%
The wonders of the world 7
85%
The deadly sins 7
85%
Number of continents 7
84%
Dwarfs from Snow White 7
84%
Sides of a hexagon 6
83%
The Roman numeral VI 6
82%
A prime number 7
82%
Strings on a Guitar 6
80%
How many feet under 6
78%
NOT a prime number 6
77%
Colors of a rainbow 7
72%
Music notes 7
63%
Players on a volleyball team 6
58%
Edges of a tetrahedron 6
36%
No matching quizzes found
Score Distribution
Percent of People with Each Score
Percentile by Number Answered
Your Score History
You have not taken this quiz since the last reset